Spectroscopy (Record no. 3788)

MARC details
000 -LEADER
fixed length control field 00521nam a2200193Ia 4500
003 - CONTROL NUMBER IDENTIFIER
control field IN-BaIIA
008 - FIXED-LENGTH DATA ELEMENTS--GENERAL INFORMATION
fixed length control field 211028s9999 xx 000 0 eng d
040 ## - CATALOGING SOURCE
Transcribing agency IIA Library
080 ## - UNIVERSAL DECIMAL CLASSIFICATION NUMBER
Universal Decimal Classification number 535.33
Item number WAL
100 ## - MAIN ENTRY--PERSONAL NAME
Personal name Walker, S
9 (RLIN) 4989
245 #0 - TITLE STATEMENT
Title Spectroscopy
Remainder of title vol. 2
Statement of responsibility, etc. S. Walker and H. Straw
260 ## - PUBLICATION, DISTRIBUTION, ETC.
Place of publication, distribution, etc. London
Name of publisher, distributor, etc. Chapman and Hall
Date of publication, distribution, etc. 1962
300 ## - PHYSICAL DESCRIPTION
Extent xxvi, 386p.
650 ## - SUBJECT ADDED ENTRY--TOPICAL TERM
Topical term or geographic name entry element Diatomic molecules
9 (RLIN) 2369
650 ## - SUBJECT ADDED ENTRY--TOPICAL TERM
Topical term or geographic name entry element Infrared Spectroscopy
650 ## - SUBJECT ADDED ENTRY--TOPICAL TERM
Topical term or geographic name entry element Raman Spectroscopy
9 (RLIN) 5172
700 ## - ADDED ENTRY--PERSONAL NAME
Personal name Straw, H
9 (RLIN) 4992
942 ## - ADDED ENTRY ELEMENTS (KOHA)
Koha item type Books
Holdings
Withdrawn status Lost status Damaged status Not for loan Home library Current library Shelving location Date acquired Cost, normal purchase price Total Checkouts Full call number Barcode Date last seen Cost, replacement price Price effective from Koha item type Purchase Price
        IIA Library-Bangalore IIA Library-Bangalore General Stacks 24/07/1971 63.00   535.33/ WAL 4230 05/11/2021 63.00 24/07/1971 Books Rs. 63.00

Powered by Koha